Central Library OPAC University of Rajshahi

Pierce Penilesse, his svpplication to the Divell, (Record no. 20427)

MARC details
000 -LEADER
fixed length control field 01151nam a22003252a 4500
001 - CONTROL NUMBER
control field 20427
003 - CONTROL NUMBER IDENTIFIER
rucl marc code BD-RjUL
005 - DATE AND TIME OF LATEST TRANSACTION
control field 20211209000550.0
008 - FIXED-LENGTH DATA ELEMENTS--GENERAL INFORMATION
fixed length control field 140301r19661924stkh 000 0 eng d
035 ## - SYSTEM CONTROL NUMBER
System control number OCLC ocm00020234 from D960523M
-- (BD-RjUL)20489
040 ## - CATALOGING SOURCE
Original cataloging agency DLC
Transcribing agency DLC
Modifying agency EQO
-- BD-RjUL
Language of cataloging eng
041 ## - LANGUAGE CODE
Language code of text/sound track or separate title eng
082 00 - DEWEY DECIMAL CLASSIFICATION NUMBER
Classification number 827.3
Author mark and year NAP 1966
100 1# - MAIN ENTRY--PERSONAL NAME
Personal name Nash, Thomas,
Dates associated with a name 1567-1601.
9 (RLIN) 62994
245 10 - TITLE STATEMENT
Title Pierce Penilesse, his svpplication to the Divell,
Remainder of title 1592 /
Statement of responsibility, etc. Thomas Nashe.
260 ## - PUBLICATION, DISTRIBUTION, ETC. (IMPRINT)
Place of publication, distribution, etc. Edinburgh :
Name of publisher, distributor, etc. Edinburgh U.P,
Date of publication, distribution, etc. 1966.
300 ## - PHYSICAL DESCRIPTION
Pagination xii, 137 p. :
Illustrations facsim. ;
Size 19 cm.
490 1# - SERIES STATEMENT
Series statement Elizabethan and Jacobean quartos ;
Volume/sequential designation 7
500 ## - GENERAL NOTE
General note Includes facsim. of the original t.p
General note "The text ... is that of the third ed. of 1592."
General note Reprint of the ed. first published in 1924
650 #0 - SUBJECT ADDED ENTRY--TOPICAL TERM
Topical term or geographic name as entry element Theater
General subdivision Moral and ethical aspects
9 (RLIN) 62995
Topical term or geographic name as entry element Poetry
Form subdivision Early works to 1800.
9 (RLIN) 62996
651 #0 - SUBJECT ADDED ENTRY--GEOGRAPHIC NAME
Geographic name England
General subdivision Social life and customs
Chronological subdivision 16th century
9 (RLIN) 54536
830 #0 - SERIES ADDED ENTRY--UNIFORM TITLE
Volume number/sequential designation 7
Uniform title Elizabethan and Jacobean quartos ;
942 ## - ADDED ENTRY ELEMENTS (KOHA)
Source of classification or shelving scheme Dewey Decimal Classification
Koha item type Books
Holdings
Lost status Source of classification or shelving scheme Damaged status Not for loan Permanent Location Current Location Shelving location Date acquired Source of acquisition Cost, normal purchase price Total Checkouts Full call number Date last seen Copy number Koha item type
  Dewey Decimal Classification   Added to bundle Central Library, University of Rajshahi Central Library, University of Rajshahi Reading Room 24/06/1968 sweets and Zitlinger 21.00   827.3 NAP 1966 01/03/2014 C-1 Books